Responses for Show #6893 - Wednesday, July 30, 2014

2014 Teen Tournament semifinal game 3.

Contestants

[<< previous game]

Kat Deabill, a junior from New Boston, New Hampshire

Sam Lerner, a sophomore from Indianapolis, Indiana

Alan Koolik, a junior from Boca Raton, Florida

[next game >>]

Jeopardy! Round responses

WHAT DO YOU WANT ON YOUR PIZZA?
COUNTRY NICKNAMES
IN THE DICTIONARY
POP CULTURE
MYTHOLOGY
VACATION!
    $200 26
pepperoni

Sam
    $200 1
Canada

Alan
    $200 16
a lexicon

Alan
    $200 11
Lara Croft

Alan
    $200 6
Hercules

Kat
    $200 21
cruise control

Kat
    $400 28
mushrooms

Sam
    $400 2
Sri Lanka

Sam
    $400 17
an "x"

Alan
    $400 12
Epcot

Alan
    $400 7
Poseidon

Sam
    $400 22
(Alan: What's a campsite?)

campgrounds

Alan
Triple Stumper
    $600 29
sausage

Kat
    $600 3
Peru

Alan
    $600 18
outsource

Sam
    $600 13
Justin Bieber

Sam
    $600 8
Athena

Alan
    $600 23
Six Flags

Alan
    $800 30
Parmesan

Sam
    $800 4
Switzerland

Alan
    $3,800 19
(Sam: What is... parade?)

pyrotechnics

Sam
    $800 14
Doctor Who

Sam
    $800 9
Daedalus

Alan
    $800 24
Royal Caribbean

Alan
    $1000 27
anchovy

Alan
    $1000 5
Afghanistan

Sam
    $1000 20
condensation

Kat
    $1000 15
(Sam: Who are the Arctic Monkeys?)
...
[Kat did not include the leading article in her response.]

The Neighbourhood

SamKat
    $1000 10
Iris

Sam
    $1000 25
RV

Alan

Scores at the first commercial break (after clue 15):

Alan Sam Kat
$3,600 $3,200 $1,200

Scores at the end of the Jeopardy! Round:

Alan Sam Kat
$7,200 $1,400 $3,000

Double Jeopardy! Round responses

QUOTATIONS
GIMME SOME MATH!
TV THROWBACK
CREATIVE WRITERS
THE LAW
DOUBLE Ws
(Alex: Each correct response will have two "W"s in it.)
    $400 16
time

Kat
    $400 2
a pentagon

Kat
    $400 1
a jet plane

Alan
    $400 26
Tom Sawyer

Kat
    $400 21
a restraining order

Alan
    $400 9
a stowaway

Sam
    $800 17
(Kat: Where is [*]?)

Gettysburg

Kat
    $800 4
prime numbers

Sam
    $800 3
the Rugrats

Alan
    $800 27
Alex Rider

Triple Stumper
    $800 22
housebreaking

Kat
    $800 8
downtown

Triple Stumper
    $1200 18
(Julius) Caesar

Alan
    $1200 13
4

Alan
    $1200 5
Full House

Sam
    $1200 28
the Thought Police

Triple Stumper
    $1200 23
born

Alan
    $1200 10
the two-minute warning

Sam
    $1600 19
Eleanor Roosevelt

Kat
    $1600 14
10

Alan
    $1600 6
(Sam: Who is... Serena?)

Sabrina the Teenage Witch

SamKat
    $2,600 29
[Kat shakes her head.]
(Alex: Edmond Dantes was the Count of Monte Cristo. [*] created him.)

Alexandre Dumas

Kat
    $1600 24
peers

Sam
    $1600 11
a snowplow

Alan
    $2000 20
Thomas Paine

Kat
    $2000 15
the abscissa

Alan
    $2000 7
Phil of the Future

Kat
    $2000 30
Ibsen

Alan
    $5,000 25
(Alex: I have a feeling I know what you're going to say. I can tell by that smile.)
(Sam: True Daily Double, Alex.)

unconstitutional

Sam
    $2000 12
the whirlwind

Triple Stumper

Scores at the end of the Double Jeopardy! Round:

Alan Sam Kat
$19,600 $10,000 $10,400

[wagering suggestions for these scores]

Final Jeopardy! Round responses

GREAT MOMENTS IN 19th CENTURY SCIENCE
[Alex reads the last three words of the clue in a German accent.]
...
(Alex: [To Alan] And now, let's say hello to the two people you get to face tomorrow and Friday as you play for $75,000...)
(Jeff: Jeff Xie, Edison, New Jersey.)
(Cooper: Cooper Lair, Little Rock, Arkansas.)
SamWhat are cells?
$10,000
KatWhat are cells?
$10,399
AlanWhat are cells?
$1,201
cells

Final scores:

Alan Sam Kat
$20,801 $20,000 $20,799
Finalist 3rd place: $10,000 2nd place: $10,000

Game dynamics:

Coryat scores:

Alan Sam Kat
$19,600 $10,800 $13,000
23 R,
1 W
16 R
(including 1 DD),
3 W
(including 1 DD)
14 R,
1 W
(including 1 DD)

Combined Coryat: $43,400

[game clues] [game scores] [suggest correction]

Game tape date: 2014-03-05
The J! Archive is created by fans, for fans. Scraping, republication, monetization, and malicious use prohibited; this site may use cookies and collect identifying information. See terms. The Jeopardy! game show and all elements thereof, including but not limited to copyright and trademark thereto, are the property of Jeopardy Productions, Inc. and are protected under law. This website is not affiliated with, sponsored by, or operated by Jeopardy Productions, Inc. Join the discussion at JBoard.tv.